000
00230nam a22000857a 4500
008
160915b xxu||||| |||| 00| 0 eng d
100
_9
544
_a
Sharma.S.C
245
_a
Financial Statements-XII
260
_a
New Delhi
_b
ABD. publications
_c
2011
999
_c
3201
_d
3201